000 00381nam a2200145Ia 4500
008 150201s2005 xx 000 0 und d
082 _a612.015
_bL2005N
100 _aNELSON,DAVID L.
245 _aLEHNINGER : PRINCIPLES OF BIOCHEMISTRY
250 _a4TH
260 _bPALGRANE MACMILLAN PUBLICATION
_aU.S.A
_c2005
300 _a1-1120
650 _aBIOCHEMISTRY
942 _2ddc
_cBK
999 _c3661
_d3661